<?xml version="1.0" encoding="UTF-8"?>
<record
    xmlns:xsi="http://www.w3.org/2001/XMLSchema-instance"
    xsi:schemaLocation="http://www.loc.gov/MARC21/slim http://www.loc.gov/standards/marcxml/schema/MARC21slim.xsd"
    xmlns="http://www.loc.gov/MARC21/slim">

  <leader>00834nam a2200289 a 4500</leader>
  <controlfield tag="001">1628598</controlfield>
  <controlfield tag="003">OSt</controlfield>
  <controlfield tag="005">20210113151122.0</controlfield>
  <controlfield tag="008">190625s2019    ck     gr     0001f spa d</controlfield>
  <datafield tag="020" ind1=" " ind2=" ">
    <subfield code="a">9789584276889</subfield>
  </datafield>
  <datafield tag="020" ind1=" " ind2=" ">
    <subfield code="a">9584276883</subfield>
  </datafield>
  <datafield tag="040" ind1=" " ind2=" ">
    <subfield code="a">CO-BoBLA </subfield>
    <subfield code="b">spa </subfield>
    <subfield code="c">CO-BoBLA</subfield>
  </datafield>
  <datafield tag="043" ind1=" " ind2=" ">
    <subfield code="a">s-ck---</subfield>
  </datafield>
  <datafield tag="082" ind1="0" ind2="4">
    <subfield code="a">AN</subfield>
    <subfield code="b">MEND</subfield>
  </datafield>
  <datafield tag="100" ind1="1" ind2=" ">
    <subfield code="a">Mendoza, Mario, </subfield>
    <subfield code="d">1964-. </subfield>
    <subfield code="t">La importancia de morir a tiempo.</subfield>
  </datafield>
  <datafield tag="240" ind1="1" ind2="0">
    <subfield code="a">Bogot&#xE1;-Bibliograf&#xED;a regional</subfield>
  </datafield>
  <datafield tag="245" ind1="1" ind2="0">
    <subfield code="a">Akelarre / </subfield>
    <subfield code="c">Mario Mendoza.</subfield>
  </datafield>
  <datafield tag="260" ind1=" " ind2=" ">
    <subfield code="a">Bogot&#xE1; : </subfield>
    <subfield code="b">Planeta, </subfield>
    <subfield code="c">2019.</subfield>
  </datafield>
  <datafield tag="300" ind1=" " ind2=" ">
    <subfield code="a">413 p&#xE1;ginas ; </subfield>
    <subfield code="c">23 cm.</subfield>
  </datafield>
  <datafield tag="490" ind1="0" ind2=" ">
    <subfield code="a">Autores Espa&#xF1;oles e Iberoamericanos</subfield>
  </datafield>
  <datafield tag="650" ind1=" " ind2="4">
    <subfield code="a">Novela colombiana.</subfield>
  </datafield>
  <datafield tag="650" ind1=" " ind2="4">
    <subfield code="a">Novela polic&#xFFFD;aca.</subfield>
  </datafield>
  <datafield tag="650" ind1=" " ind2="4">
    <subfield code="a">Asesinos en serie</subfield>
    <subfield code="v"> Novela.</subfield>
  </datafield>
  <datafield tag="650" ind1=" " ind2="4">
    <subfield code="a">Venganza</subfield>
    <subfield code="v"> Novela.</subfield>
  </datafield>
  <datafield tag="942" ind1=" " ind2=" ">
    <subfield code="2">ddc</subfield>
    <subfield code="c">BKLIT</subfield>
  </datafield>
  <datafield tag="949" ind1=" " ind2=" ">
    <subfield code="a">c         </subfield>
    <subfield code="b">n</subfield>
  </datafield>
  <datafield tag="999" ind1=" " ind2=" ">
    <subfield code="c">12779</subfield>
    <subfield code="d">12779</subfield>
  </datafield>
  <datafield tag="952" ind1=" " ind2=" ">
    <subfield code="0">0</subfield>
    <subfield code="1">0</subfield>
    <subfield code="2">ddc</subfield>
    <subfield code="4">0</subfield>
    <subfield code="7">0</subfield>
    <subfield code="8">LA</subfield>
    <subfield code="a">BPMOS</subfield>
    <subfield code="b">BPMOS</subfield>
    <subfield code="d">2021-01-13</subfield>
    <subfield code="e">Compra</subfield>
    <subfield code="i">NT</subfield>
    <subfield code="l">18</subfield>
    <subfield code="m">6</subfield>
    <subfield code="o">AN MEND</subfield>
    <subfield code="p">MOS500448</subfield>
    <subfield code="r">2023-07-12</subfield>
    <subfield code="s">2023-07-12</subfield>
    <subfield code="t">ej 1</subfield>
    <subfield code="w">2021-01-13</subfield>
    <subfield code="y">BKLIT</subfield>
    <subfield code="z">Quince dias</subfield>
  </datafield>
  <datafield tag="952" ind1=" " ind2=" ">
    <subfield code="0">0</subfield>
    <subfield code="1">0</subfield>
    <subfield code="2">ddc</subfield>
    <subfield code="4">0</subfield>
    <subfield code="7">0</subfield>
    <subfield code="8">LA</subfield>
    <subfield code="a">BPMOS</subfield>
    <subfield code="b">BPMOS</subfield>
    <subfield code="d">2021-09-13</subfield>
    <subfield code="e">Compra</subfield>
    <subfield code="i">NT</subfield>
    <subfield code="l">23</subfield>
    <subfield code="m">5</subfield>
    <subfield code="o">AN MEND</subfield>
    <subfield code="p">MOS501558</subfield>
    <subfield code="q">2026-06-05</subfield>
    <subfield code="r">2026-04-24</subfield>
    <subfield code="s">2026-04-24</subfield>
    <subfield code="t">ej 2</subfield>
    <subfield code="w">2021-09-13</subfield>
    <subfield code="y">BKLIT</subfield>
    <subfield code="z">Quince dias</subfield>
  </datafield>
  <datafield tag="952" ind1=" " ind2=" ">
    <subfield code="0">0</subfield>
    <subfield code="1">0</subfield>
    <subfield code="2">ddc</subfield>
    <subfield code="4">0</subfield>
    <subfield code="7">0</subfield>
    <subfield code="8">LA</subfield>
    <subfield code="a">BPMOS</subfield>
    <subfield code="b">BPMOS</subfield>
    <subfield code="d">2021-09-13</subfield>
    <subfield code="e">Compra</subfield>
    <subfield code="i">NT</subfield>
    <subfield code="l">25</subfield>
    <subfield code="m">4</subfield>
    <subfield code="o">AN MEND</subfield>
    <subfield code="p">MOS501559</subfield>
    <subfield code="r">2026-04-20</subfield>
    <subfield code="s">2025-12-22</subfield>
    <subfield code="t">ej 3</subfield>
    <subfield code="w">2021-09-13</subfield>
    <subfield code="y">BKLIT</subfield>
    <subfield code="z">Quince dias</subfield>
  </datafield>
</record>
